| 000 | 01337nam a2200337 i 4500 | ||
|---|---|---|---|
| 001 | 000027304 | ||
| 003 | DO-SdBNP | ||
| 005 | 20260414192501.0 | ||
| 007 | ta | ||
| 008 | 110331s1974 dr a 000 0 spa d | ||
| 040 |
_aDO-SdBNP _bspa _cBNPHU _erda |
||
| 082 | 4 |
_a724.1 _bP171a _222 |
|
| 100 | 1 |
_aPalm, Erwin Walter, _d1910-1988 _eautor _4aut. _954377 |
|
| 245 | 1 | 0 |
_aArquitectura y arte colonial en Santo Domingo / _cErwin Walter Palm ; prólogo, Manuel S. Gautier. |
| 264 | 4 |
_aSanto Domingo : _bUniversidad Autónoma de Santo Domingo, _c©1974. |
|
| 300 |
_a251 páginas : _bilustraciones ; _c21 cm. |
||
| 336 |
_atexto _btxt _2rdacontent |
||
| 337 |
_asin mediación _bn _2rdamedia |
||
| 338 |
_avolumen _bnc _2rdacarrier |
||
| 490 | 1 |
_aPublicaciones de la Universidad Autónoma de Santo Domingo ; _v155 |
|
| 490 | 1 |
_aHistoria y sociedad ; _v8 |
|
| 500 | _aIncluye referencias bibliográficas y notas al pie de las páginas. | ||
| 590 | _aInventariado, 2024/BT | ||
| 650 | 0 |
_aArquitectura moderna _919106 |
|
| 650 | 4 |
_aArquitectura _zRepública Dominicana _954378 |
|
| 700 | 1 |
_aGautier, Manuel S., _eprologuista _4pr. _954379 |
|
| 830 | 0 |
_aPublicaciones de la Universidad Autónoma de Santo Domingo ; _n155 _954380 |
|
| 830 | 0 |
_aHistoria y sociedad ; _n8 _954381 |
|
| 910 | _aValidado. Control de calidad MMOLINA | ||
| 942 |
_2ddc _cLBS1 |
||
| 999 |
_c26796 _d26796 |
||